| 000 | 02557nam a2200289Ia 4500 | ||
|---|---|---|---|
| 005 | 20200311094125.0 | ||
| 008 | 130821k17851789sp frd 0 mul | ||
| 040 |
_aCo-BoUCM _bspa _cSandra Yazo _dSandra Yazo |
||
| 041 | 0 |
_aspa _afre _alat |
|
| 082 | 0 | 4 |
_a860.903 _220 |
| 092 | _aE11N022 | ||
| 100 | 1 |
_aSempere y Guarinos, Juan _d1754-1830 _9100359 |
|
| 242 | 0 | 0 |
_aEnsayo de una biblioteca española de los mejores escritores del Reinado de Carlos III _yspa |
| 245 | 1 | 0 |
_aEnsayo de una biblioteca española de los mejores escritores del Reynado de Carlos III _cpor D. Juan Sempere y Guarinos |
| 260 |
_aMadrid (España) _bImprenta Real _c1785-1789 |
||
| 300 |
_a6 tomos en 3 volúmenes ([14], 245 ; xx, 250 ; 222 ; v, 262 ; 10, 228 ; 246 [e. i. 258 páginas) _c18 x 12 cm. |
||
| 500 | _aDetalles físicos: Encuadernación rígida en cartón forrado en cuero. Lomo conserva parte de los tejuelos y adornos en dorado. Tapas con cuero raspado y arrugado. Guardas en papel de agua. Anteportada. Portada impresa en una sola tinta. Dedicatoria inicial. Texto impreso en una sola columna con varios tipos y tamaños de letra. Notas de pie de página, en una o dos columnas, separado por una línea horizontal. Nota de donación manuscrita en tomo 2 en la página 250, que se repite en el tomo 4 página 262 y tomo 6 página 240. Papel con algunas manchas, notoria suciedad en algunas páginas, humedad y deformación del plano. Algunas hojas dobladas esquinas | ||
| 505 | _aV. 1: Discurso preliminar sobre los progresos de la literatura de los españoles en este siglo ; A hasta la B ; V.2 Prólogo. ; De la C hasta la D -- V.3: Desde la E hasta la L ; V.4: Prologo ; Desde las M hasta la Q -- V.5: Prólogo ; De la R hasta la S ; V.6: De la S hasta la Z | ||
| 506 | _aConsulta en sala | ||
| 546 | _aNotas en latín y francés | ||
| 650 | 7 |
_aLiteratura española _xDiccionario _97793 |
|
| 650 | 7 |
_aAutores españoles _xDiccionario _99813 |
|
| 690 |
_aLiteratura europea _926524 |
||
| 856 | 4 | 1 |
_zDisponible en línea V.1 _uhttp://books.google.com/books?id=BFG1nK8GhNYC&printsec=frontcover&dq=Ensayo+de+una+biblioteca+espa%C3%B1ola+de+los+mejores+escritores+del+Reynado&hl=es&ei=1nEkTv2ECsj30gH7gLGwAw&sa=X&oi=book_result&ct=result&resnum=1&ved |
| 856 | 4 | 1 |
_zDisponible en línea V.2 _uhttp://books.google.com/books?id=HwUCAAAAQAAJ&printsec=frontcover&dq=Ensayo+de+una+biblioteca+espa%C3%B1ola+de+los+mejores+escritores+del+Reynado&hl=es&ei=XnMkTsrqCKf00gHowZSoAw&sa=X&oi=book_result&ct=result&resnum=2&ved |
| 942 |
_cLIBRO _a18 _e1 _2LOCAL _hE11N022 |
||
| 999 |
_c73804 _d73804 |
||